Vista normal
Vista MARC
Entrada Nombre corporativo
Número de registros utilizados en: 24
001 - NÚMERO DE CONTROL
- Campo de control: 5065
003 - IDENTIFICADOR DE NÚMERO DE CONTROL
- Campo de control: ES-MaCES
005 - FECHA Y HORA DE LA ULTIMA MODIFICACION
- Campo de control: 20090703103900.0
008 - ELEMENTOS DE DATOS DE LONGITUD FIJA
- Campo de longitud fija: 981123 | azznnaabn || ana d
035 ## - NÚMERO DE CONTROL DEL SISTEMA
- Número de control del sistema: CES19980019448e
040 ## - FUENTE DE LA CATALOGACIÓN
- Agencia original de catalogación: ES-MaCES
- Idioma de catalogación: spa
- Agencia de transcripción: ES-MaCES
110 2# - ENCABEZAMIENTO--NOMBRE CORPORATIVO
- Nombre corporativo o de jurisdicción como elemento de entrada: UNESA
410 2# - TRAZADO VEÁSE--NOMBRE CORPORATIVO
- Nombre corporativo o de jurisdicción como elemento de entrada: Asociación Española de la Industria Eléctrica
410 2# - TRAZADO VEÁSE--NOMBRE CORPORATIVO
- Nombre corporativo o de jurisdicción como elemento de entrada: Unidad Eléctrica
670 ## - FUENTE DE DATOS ENCONTRADOS
- Fuente de citación: CD del CES
- Información encontrada: Se usa esta autoridad por ser más conocida su abreviatura que su desarrollo, contrariamente a lo que establece Bibliografía Nacional: Unidad Eléctrica
901 ## - CES. DATOS SIRTEX
- ID Sirtex (N5N8): 0001800001944
- 005BIS Sirtex: 199811231831MIG

